James's by Picture - Statistics

General Stats
  • This quiz has been taken 37 times
  • The average score is 20 of 35
Answer Stats
Picture Hint Answer % Correct
Jimi Hendrix
97%
James Dean
93%
Jimmy Carter
93%
Jim Carrey
90%
(agent) James Bond
79%
James Brown
79%
Jim Henson
79%
Jimmy Stewart
79%
Jamie Lee Curtis
76%
Jim Morrison
76%
Jamie Foxx
72%
James Corden
69%
Jimmy Fallon
69%
James Cameron
66%
James Monroe
66%
Jimmy Kimmel
66%
James Madison
62%
James Earl Jones
59%
James Buchanan
55%
Jim Parsons
55%
James Franco
52%
James Gandolfini
48%
Jim Belushi
48%
Jimmy Buffett
48%
James Harden
41%
James Woods
41%
Jimmy Page
41%
Jim Gaffigan
34%
Jimmy Butler
34%
James Cook
31%
Jimmy Garoppolo
31%
Jim Thorpe
28%
James McAvoy
24%
Jimmy Hoffa
21%
James Murray
10%
No matching quizzes found
Score Distribution
Percent of People with Each Score
Percentile by Number Answered
Your Score History
You have not taken this quiz